000 00376 a2200169 4500
001 187672
020 _a85-16-02993-X
040 _cMagnum
100 _aLee, Anna
240 1 0 _aO mistério das aranhas verdes
_lpor
245 1 0 _aO mistério das aranhas verdes
300 _a119
362 0 _a2001
440 1 _aSalamandra
697 _aLITERATURA JUVENIL
942 _cBK
999 _c187672
_d187672